Randomized Open Label Crossover Comparative Bloavailability /Bloequivalence Study After Oral Administration of Test Product (Rabeprazole Sodium Delayed-Release Tablets 20mg) with Reference Product in Healthy Adult Human Subjects Under Fed Conditions: Prospective Observational Study on Relationship of Serum Bilirubin Level with Serum Albumin Level, Blood Glucose Level and BMI in Healthy Adult Male Human Volunteers of Delhi NCR. (Record no. 1851692)

MARC details
000 -LEADER
fixed length control field 01229nam a2200349Ia 4500
005 - DATE AND TIME OF LATEST TRANSACTION
control field 20260514124335.0
008 - FIXED-LENGTH DATA ELEMENTS--GENERAL INFORMATION
fixed length control field 008 261405s9999 xx 000 0 eng d
037 ## -
-- Thesis
040 ## - CATALOGING SOURCE
-- CRL
040 ## - CATALOGING SOURCE
Language of cataloging eng
040 ## - CATALOGING SOURCE
Transcribing agency CRL
041 ## - LANGUAGE CODE
Language code of text eng
084 ## - COLON CLASSIFICATION NUMBER
-- CRL
100 ## - MAIN ENTRY--PERSONAL NAME
Student/researcher name Rajaur Deepti
245 #0 - TITLE STATEMENT
Title Randomized Open Label Crossover Comparative Bloavailability /Bloequivalence Study After Oral Administration of Test Product (Rabeprazole Sodium Delayed-Release Tablets 20mg) with Reference Product in Healthy Adult Human Subjects Under Fed Conditions: Prospective Observational Study on Relationship of Serum Bilirubin Level with Serum Albumin Level, Blood Glucose Level and BMI in Healthy Adult Male Human Volunteers of Delhi NCR.
260 ## - PUBLICATION, DISTRIBUTION, ETC.
Place of publication, distribution, etc. Delhi
260 ## - PUBLICATION, DISTRIBUTION, ETC.
Name of publisher, distributor, etc. University of Delhi
260 ## - PUBLICATION, DISTRIBUTION, ETC.
Date of publication, distribution, etc. 2014
300 ## - PHYSICAL DESCRIPTION
Extent 87p.
502 ## - Thesis Note
Degree type Ph.D.
502 ## - Thesis Note
Name of granting institution University of Delhi
502 ## - Thesis Note
Year degree granted 2014
650 ## - SUBJECT ADDED ENTRY--TOPICAL TERM
LCSH or local subjects Pharmaceutics (DIPSAR)
700 ## - ADDED ENTRY--PERSONAL NAME
Supervisor / Guide name Dr. Shiva Murthy N
700 ## - ADDED ENTRY--PERSONAL NAME
Supervisor / Guide name Dr.Rajani Mathur
700 ## - ADDED ENTRY--PERSONAL NAME
Supervisor / Guide name Dr.S.K.Gupta,
942 ## - ADDED ENTRY ELEMENTS (KOHA)
Koha item type Thesis
100 ## - MAIN ENTRY--PERSONAL NAME
-- 1239432
541 ## - IMMEDIATE SOURCE OF ACQUISITION NOTE
-- Thesis
700 ## - ADDED ENTRY--PERSONAL NAME
-- 1239433
700 ## - ADDED ENTRY--PERSONAL NAME
-- 1239434
710 ## - ADDED ENTRY--CORPORATE NAME
-- 1239426
999 ## -
-- 1851692
-- 1851692
Holdings
Withdrawn status Lost status Not for loan Home library Current library Date acquired Accession Number Koha item type
      Central Library Central Library 2026-05-14 TH0027980 Thesis
Copyright @ Delhi University Library System